La tercera mañana /

Guardado en:
Bibliografiske detaljer
Hovedforfatter: Cozarinsky, Edgardo (autor)
Format: Bog
Sprog:spansk
Udgivet: México : Tusquets, 2010, c2010
Serier:(Andanzas ; 738)
Fag:
Tags: Tilføj Tag
Ingen Tags, Vær først til at tagge denne postø!

MARC

LEADER 00000nam^a2200000^a^4500
001 000318143
005 20250521000000.0
009 20260310113405.051
020 |a 978-84-8383-264-6 
037 |a Acervo ITESO - Biblioteca 
041 |a ESP 
082 |a 863.  |b COZ 
100 |a Cozarinsky, Edgardo  |e (autor) 
245 1 3 |a La tercera mañana /  |c E. Cozarinsky. 
264 4 |a México :  |b Tusquets,  |c 2010, c2010 
300 |a 121 p. 
336 |a texto  |b txt  |2 rdacontenido 
337 |a sin mediación  |b n  |2 rdamedio 
338 |a volumen  |b nc  |2 rdasoporte 
440 1 |a (Andanzas ;  |v 738) 
649 |a XX 
650 |a Novela Argentina 
650 |a Literatura Argentina -  |y Siglo XX 
910 |a Fondo General 
920 |a Impresos - Libros 
930 |a Colección General 
940 |a Literatura 
905 |a 101 
901 |a 0500204942  |b IT1  |c LIT  |i C130833  |u 20250521 
902 |a https://opac.biblio.iteso.mx/vufind/Record/000318143